LEADER 01170nam--2200373---4500 001 990000729960203316 005 20060209115518.0 035 $a0072996 035 $aUSA010072996 035 $a(ALEPH)000072996USA01 035 $a0072996 100 $a20011112d1990----km-y0ENGy0103----ba 101 $aita 102 $aIT 200 1 $aLettere$fGuittone d'Arezzo$gedizione critica a cura di Claude Margueron 210 $aBologna$cCommissione per i testi di lingua$d1990 215 $aLXI, 396 p.$d24 cm 225 2 $aCollezione di opere inedite o rare$v145 410 $12001$aCollezione di opere inedite o rare$v145 606 $aGuittone : d'Arezzo$xLettere e carteggi 676 $a856.1 700 1$aGUITTONE : D'Arezzo$0454076 702 1$aMARGUERON,$bClaude 801 0$aIT$bsalbc$gISBD 912 $a990000729960203316 951 $aVI.3.E. 129(V A COLL. 56/145)$b108563 LM$cV A COLL. 959 $aBK 969 $aUMA 979 $aPATTY$b90$c20011112$lUSA01$h1126 979 $c20020403$lUSA01$h1721 979 $aPATRY$b90$c20040406$lUSA01$h1650 979 $aCOPAT3$b90$c20060209$lUSA01$h1155 996 $aLettere$9225250 997 $aUNISA LEADER 01368nam0 22003251i 450 001 VAN00029960 005 20240806100342.604 100 $a20041209d1995 |0itac50 ba 101 $aita 102 $aIT 105 $a|||| ||||| 200 1 $aGuida alla progettazione senza barriere$emetodi, criteri e strumenti per l'accessibilità dell'ambiente costruito$fMichele Di Sivo, Biagio Lentini 205 $aNuova ed 210 $aFirenze$cAlinea$d1995 215 $a419 p.$cill.$d27 cm 410 1$1001VAN00027261$12001 $aˆIl ‰processo edilizio$1210 $aFirenze$cAlinea.$v16 500 1$3VAN00250577$aGuida alla progettazione senza barriere$91431594 606 $aBarriere architettoniche$3VANC003443$2FI 606 $aEdifici per minorati$xProgettazione$3VANC003442$2FI 620 $dFirenze$3VANL000014 676 $a720.42$v21 700 1$aDi Sivo$bMichele$3VANV022638$0730882 701 1$aLentini$bBiagio$3VANV019984$010829 712 $aAlinea $3VANV108217$4650 801 $aIT$bSOL$c20240906$gRICA 899 $aBIBLIOTECA DEL DIPARTIMENTO DI INGEGNERIA$1IT-CE0100$2VAN05 912 $aVAN00029960 950 $aBIBLIOTECA DEL DIPARTIMENTO DI INGEGNERIA$d05PREST F 214 $e05 3255 20041209 996 $aGuida alla progettazione senza barriere$91431594 997 $aUNICAMPANIA